Normal view
MARC view
- تأليف:Samuel A.Kirk and James C.Chalfant؛ ترجمة: زيدان السرطاوي، عبدالعزيز مصطفى السرطاوي
Entry Personal Name
001 - CONTROL NUMBER
- control field: 60664
003 - CONTROL NUMBER IDENTIFIER
- control field: JO-AjAnu
005 - DATE AND TIME OF LATEST TRANSACTION
- control field: 20230606083920.0
008 - FIXED-LENGTH DATA ELEMENTS
- fixed length control field: 230606|| aca||aabn | a|a d
040 ## - CATALOGING SOURCE
- Original cataloging agency: JO-AjAnu
- Transcribing agency: JO-AjAnu
100 ## - HEADING--PERSONAL NAME
- Personal name: تأليف:Samuel A.Kirk and James C.Chalfant؛ ترجمة: زيدان السرطاوي، عبدالعزيز مصطفى السرطاوي
670 ## - SOURCE DATA FOUND
- Source citation: Work cat.: (JO-AjAnu)30936: تأليف:Samuel A.Kirk and James C.Chalfant؛ ترجمة: زيدان السرطاوي، عبدالعزيز مصطفى السرطاوي, author, صعوبات التعلم الاكاديمية والنمائية=ACADEMIC AND DEVELOPMENTAL LEARNING DISABILITIES